000 00732cab a2200229 4500
001 WB3339-02
008 090401t1997 xxu||||| |||| 00| 0 eng d
035 _a(Sirsi) u81376
041 _aeng
245 _aArchitecture policy to focus on briefs
260 _c1997
350 _a0
490 _aBuilding
_v262(8010) 10 October 1997, 13(1)
520 _aA new government architectural policy, to promote good design on government-funded projects, will focus on how the project briefs are drawn up.
650 _aARCHITECTURAL COMPETITIONS
650 _aARCHITECTURE POLICY
650 _aDESIGN BRIEF
650 _aPROJECT BRIEFS
690 _aBUILT ENVIRONMENT-CONSTRUCTION DESIGN
942 _n0
948 _c10/10/1997
999 _c51269
_d51269